Dictée #1 - Statistiques

Statistiques générales
  • Ce quiz a été pris 1 014 fois
  • Le résultat moyen est 4 sur 10
Statistiques - réponses
Réponse % Correct
brouillard
94%
partit
85%
dorées
80%
nappe
47%
harcelées
30%
aidaient
24%
solennité
19%
traînaient
18%
carriole
17%
empreint
11%
Aucun quiz correspondant
Distribution des résultats
% des personnes avec chaque résultat
Percentile par nombre de réponses
Votre historique - résultats
Vous n’avez pas pris ce quiz